37 - 香川県の自治体(Text) - Statistics

General Stats
  • This quiz has been taken 49 times
    9 since last reset
  • The average score is 15 of 17
Answers on the Map
Answers color-coded by a green-red scale on the quiz's map according to % correct below.
 
Answer Stats
市町村 % Correct
綾歌あやうたぐん 宇多津うたづちょう
100%
小豆しょうずぐん 小豆島しょうどしまちょう
100%
高松たかまつ
100%
仲多度なかたどぐん 多度津たどつちょう
100%
ひがしかがわ
100%
丸亀まるがめ
100%
さぬき
100%
観音寺かんおんじ
89%
仲多度なかたどぐん 琴平ことひらちょう
89%
坂出さかいで
89%
善通寺ぜんつうじ
89%
三豊みとよ
89%
仲多度なかたどぐん まんのうちょう
89%
小豆しょうずぐん 土庄とのしょうちょう
78%
香川かがわぐん 直島なおしまちょう
78%
木田きたぐん 三木みきちょう
67%
綾歌あやうたぐん 綾川あやがわちょう
56%
No matching quizzes found
Score Distribution
Percent of People with Each Score
Percentile by Number Answered
Your Score History
You have not taken this quiz since the last reset